Statistics for Medical Specialties Quiz

Click here to take the quiz!

General Stats

  • This quiz has been taken 49,381 times
    (40,258 since last reset)
  • The average score is 13 of 18

Answer Stats

Subject Specialty % Correct
Children{Ped}iatrics
99%
Heart{Card}iology
95%
Teeth{Dent}istry
94%
Skin{Derm}atology
93%
Mental Disorders{Psych}iatry
86%
Medical Imaging{Rad}iology
84%
Female Reproductive System{Gyn}ecology
83%
Cancer{Onc}ology
83%
Muscles and Bones{Ortho}pedics
80%
Elderly People{Geri}atrics
78%
Blood{Hem}atology
77%
Pregnancy / Childbirth{Obs}tetrics
70%
Feet{Pod}iatry
68%
Eyes{Ophth}almology
66%
Nervous System{Neur}ology
60%
Lungs{Pulm}onology
43%
Disease{Path}ology
38%
Joints{Rheum}atology
34%

Score Distribution

Percentile by Number Answered

Percent of People with Each Score

Your Score History

You have not taken this quiz since the last reset